=LDR 00000nam 2200000 4500 =001 INLIS000000000030269 =005 20210421072209 =035 ##$$a 0010-061300000030269 =008 210421################g##########0#ind## =041 ##$$a Ind =082 ##$$a 330.9 =090 ##$$a 330.9, Abd l =100 ##$$a Abdullah, Burhanuddin =245 1#$$a Laporan perekonomian Indonesia 2007 Bank Indonesia /$c Burhanuddin Abdullah =260 ##$$a Jakarta :$b Bank Indonesia,$c 2007 =300 ##$$a xiv, 260 hlm, : $b ilus. ; $c 28 x 22 cm. =650 #4$$a Ekonomi Keadaan =850 ##$$a NBPNMAT =084 ##$$a 330.9 ABD l =990 ##$$a 30802289